header

True success/ (Record no. 256279)

MARC details
000 -LEADER
fixed length control field 00414nam a22001577a 4500
003 - CONTROL NUMBER IDENTIFIER
control field OSt
005 - DATE AND TIME OF LATEST TRANSACTION
control field 20170310143003.0
008 - FIXED-LENGTH DATA ELEMENTS--GENERAL INFORMATION
fixed length control field 170310b xxu||||| |||| 00| 0 eng d
020 ## - INTERNATIONAL STANDARD BOOK NUMBER
International Standard Book Number 0425146154
040 ## - CATALOGING SOURCE
Transcribing agency RU
050 ## - LIBRARY OF CONGRESS CALL NUMBER
Classification number BJ1611.2
Item number .M64 1994
100 ## - MAIN ENTRY--PERSONAL NAME
Personal name Tom Morris, PH.D.
245 ## - TITLE STATEMENT
Title True success/
Remainder of title A new philosophy of excellence
260 ## - PUBLICATION, DISTRIBUTION, ETC. (IMPRINT)
Place of publication, distribution, etc New york
Name of publisher, distributor, etc Berkely Publishing Group
Date of publication, distribution, etc 1994
942 ## - ADDED ENTRY ELEMENTS (KOHA)
Source of classification or shelving scheme Library of Congress Classification
Koha item type Long Loan Books
Holdings
Withdrawn status Lost status Source of classification or shelving scheme Damaged status Not for loan Collection code Home library Current library Shelving location Date acquired Total Checkouts Full call number Barcode Date last seen Date checked out Price effective from Koha item type
    Library of Congress Classification     Non-fiction Rongo University Library Rongo University Library General Stacks 10/03/2017 3 BJ1611.2 .M64 1994 201616726 01/12/2025 24/11/2025 10/03/2017 Long Loan Books

© 2026 Rongo University
Contact us: librarian | system librarian | Rongo university